000 00501nam a2200181Ia 4500
001 23274
005 20260414150926.0
008 260414t9999||||xx |||||||||||||| ||spa||
041 _aESP
082 _a628.1
_bT59
100 _aTirado Picado, Víctor Rogelio
_eAUT
245 0 _aMetodología para el diseño de un sistema de abastecimiento de agua potable :
_bcaso urbanización
260 _c0
300 _a127 páginas :
_c28 cm.
650 _a0
654 _aCIC
942 _cLIB
_dJUS
_fJUS
_2ddc
_n
999 _c23274
_d23274